[Event "SVK-ch U08"]
[Site "Lubovna"]
[Date "2020.08.17"]
[Round "3"]
[White "Pisarcik, Richard"]
[Black "Hnat, Samuel"]
[Result "1-0"]
[WhiteElo "1172"]
[BlackElo "1000"]
[PlyCount "51"]
[EventDate "2020.08.15"]
[EventType "tourn"]
[EventRounds "9"]
[EventCountry "SVK"]
[SourceTitle "EXT 2021"]
[Source "ChessBase"]
[SourceDate "2020.10.23"]
[SourceVersion "1"]
[SourceVersionDate "2020.10.23"]
[SourceQuality "1"]

1. e4 e6 2. d4 Bb4+ 3. c3 Ba5 4. Nf3 Nf6 5. Nbd2 0-0 6. Bd3 Na6 7. 0-0 Ng4 8. h3 Kh8 9. hxg4 f5 10. exf5 exf5 11. Bxf5 Qf6 12. Ne4 Qd8 13. Bg5 Qe8 14. Re1 Nb8 15. Nf6 Qd8 16. Nxh7 Qe8 17. Rxe8 Rxe8 18. Qd3 d5 19. Qb5 c6 20. Qxa5 b6 21. Qb4 Na6 22. Qd6 Bxf5 23. gxf5 Kxh7 24. Qg6+ Kg8 25. f6 Rf8 26. Qxg7# 1-0

[Event "SVK-ch U08"]
[Site "Lubovna"]
[Date "2020.08.16"]
[Round "2"]
[White "Hnat, Samuel"]
[Black "Tvrdy, Simon"]
[Result "0-1"]
[WhiteElo "1000"]
[BlackElo "1000"]
[PlyCount "90"]
[EventDate "2020.08.15"]
[EventType "tourn"]
[EventRounds "9"]
[EventCountry "SVK"]
[SourceTitle "EXT 2021"]
[Source "ChessBase"]
[SourceDate "2020.10.23"]
[SourceVersion "1"]
[SourceVersionDate "2020.10.23"]
[SourceQuality "1"]

1. e4 e5 2. Nf3 Nc6 3. Na3 Nd4 4. Nxe5 Qg5 5. c3 Qxe5 6. cxd4 Qxe4+ 7. Be2 Qxd4 8. Nc2 Nf6 9. Nxd4 Bc5 10. b3 Bxd4 11. 0-0 Bxa1 12. b4 0-0 13. b5 Re8 14. Ba3 Bd4 15. Kh1 Ne4 16. Bf3 Nxf2+ 17. Rxf2 Bxf2 18. Bd5 Re1+ 19. Qxe1 Bxe1 20. d4 d6 21. Bc4 Bd7 22. d5 Re8 23. h3 Bg3 24. Bf1 Re3 25. Bc1 Re1 26. Be3 Rxf1+ 27. Bg1 Bf2 28. Kh2 Bxg1+ 29. Kh1 Bd4+ 30. Kh2 Bxb5 31. Kg3 Be5+ 32. Kh4 Be2 33. a4 Bd4 34. a5 Bf2+ 35. g3 Rg1 36. a6 Bxg3+ 37. Kg5 Bf2+ 38. Kf5 b5 39. h4 b4 40. h5 b3 41. Kf4 b2 42. h6 b1Q 43. hxg7 Be3+ 44. Kxe3 Qb3+ 45. Kf4 Qf3# 0-1